Lo que se ha sentido ha sido lo que se ha vivido : (Record no. 183347)

MARC details
000 -LEADER
campo de control de longitud fija 01110nam a2200265 i 4500
001 - NÚMERO DE CONTROL
campo de control 183347
003 - IDENTIFICADOR DE NÚMERO DE CONTROL
campo de control ES-MaACL
005 - FECHA Y HORA DE LA ÚLTIMA TRANSACCIÓN
campo de control 20240509101459.0
008 - DATOS DE LONGITUD FIJA--INFORMACIÓN GENERAL
campo de control de longitud fija 140327s2013 sp a | |||||||| | spa d
020 ## - NÚMERO INTERNACIONAL ESTÁNDAR DEL LIBRO
Número Internacional Estándar del Libro 978-84-938771-9-4
080 ## - NÚMERO DE LA CLASIFICACIÓN DECIMAL UNIVERSAL
Número de la Clasificación Decimal Universal 7 Calvo, Carmen (083.824)
080 ## - NÚMERO DE LA CLASIFICACIÓN DECIMAL UNIVERSAL
Número de la Clasificación Decimal Universal 7.037.5(083.824)
100 1# - ENTRADA PRINCIPAL--NOMBRE DE PERSONA
Nombre de persona Calvo, Carmen,
Fechas asociadas al nombre 1950-
9 (RLIN) 154630
245 10 - MENCIÓN DEL TÍTULO
Título Lo que se ha sentido ha sido lo que se ha vivido :
Resto del título [21 marzo-2 junio-2013, Fundación Antonio Pérez, Cuenca] /
Mención de responsabilidad, etc. Carmen Calvo ; [comisario], Alfonso de la Torre ; [textos, Francisco Brines, Alfonso de la Torre].
260 ## - PUBLICACIÓN, DISTRIBUCIÓN, ETC.
Lugar de publicación, distribución, etc. [Cuenca] :
Nombre del editor, distribuidor, etc. Fundación Antonio Pérez,
Fecha de publicación, distribución, etc. D.L. 2013.
300 ## - DESCRIPCIÓN FÍSICA
Extensión 117 p. :
Otras características físicas il. col. y n. ;
Dimensiones 23 cm.
600 17 - PUNTO DE ACCESO ADICIONAL DE MATERIA--NOMBRE DE PERSONA
Nombre de persona Calvo, Carmen,
Fechas asociadas al nombre 1950-
Subdivisión de forma Exposiciones
Fuente del encabezamiento o término
9 (RLIN) 154631
655 #7 - TERMINO DE INDIZACIÓN--GENERO/FORMA
Fuente del término tgfbne
9 (RLIN) 193628
Datos o término principal de género/forma Catálogos de exposiciones
700 1# - ENTRADA AGREGADA--NOMBRE PERSONAL
Nombre de persona Torre, Alfonso de la,
Fechas asociadas al nombre 1960-
9 (RLIN) 139803
700 1# - ENTRADA AGREGADA--NOMBRE PERSONAL
Nombre de persona Brines, Francisco,
Fechas asociadas al nombre 1932-2021
9 (RLIN) 31751
710 2# - ENTRADA AGREGADA--NOMBRE DE ENTIDAD CORPORATIVA
Nombre de entidad corporativa o nombre de jurisdicción como elemento de entrada Fundación Antonio Pérez.
9 (RLIN) 141689
852 ## - LOCALIZACIÓN
Ubicación ES-MaACL
Número de control de estantería A-13089
itemnumber 190286
Sublocalización o colección R.149895
Ubicación en estantería Depósito 1
Signatura antigua Olim: N-6089
942 ## - ELEMENTOS DE ENTRADA SECUNDARIOS (KOHA)
Fuente del sistema de clasificación o colocación Clasificación decimal universal
Tipo de ítem Koha Libro impreso
Holdings
Estatus retirado Estado de pérdida Fuente del sistema de clasificación o colocación Estado de daño No para préstamo Biblioteca de origen Biblioteca actual Ubicación en estantería Fecha de adquisición Fuente de adquisición Total de préstamos Signatura topográfica completa Código de barras Visto por última vez Precio de reemplazo Tipo de ítem Koha
    Clasificación decimal universal     Biblioteca del Ateneo de Madrid Biblioteca del Ateneo de Madrid Depósito 1 27/03/2014 Donación   A-13089 1192713 23/02/2023 23/02/2023 Libro impreso